Statistics for Countries with N in Their Name

Click here to take the quiz!

General Stats

  • This quiz has been taken 910 times
    (564 since last reset)
  • The average score is 90 of 115

Answer Stats

ContinentCountry% Correct
EuropeNorway
95%
EuropeUnited Kingdom
95%
OceaniaNew Zealand
93%
AfricaNiger
93%
North AmericaCanada
92%
EuropeNetherlands
92%
AfricaNigeria
92%
South AmericaArgentina
91%
EuropeFinland
91%
North AmericaUnited States
91%
EuropeAndorra
89%
EuropeIceland
89%
AsiaIndia
89%
AsiaIndonesia
88%
AfricaNamibia
88%
AsiaNepal
88%
North AmericaNicaragua
88%
AsiaAfghanistan
87%
EuropeFrance
87%
AsiaChina
86%
EuropeIreland
86%
OceaniaNauru
86%
AsiaPakistan
86%
EuropeSpain
86%
EuropeSweden
86%
EuropeBosnia and Herzegovina
85%
EuropeDenmark
85%
AsiaJapan
85%
AsiaNorth Korea
85%
EuropePoland
85%
EuropeGermany
83%
EuropeNorth Macedonia
83%
North AmericaDominica
82%
EuropeEstonia
82%
EuropeLithuania
82%
North AmericaPanama
82%
AsiaTurkmenistan
82%
EuropeUkraine
82%
AfricaAngola
81%
North AmericaDominican Republic
81%
EuropeSwitzerland
81%
AsiaUzbekistan
81%
North AmericaAntigua and Barbuda
80%
AsiaArmenia
80%
AfricaDemocratic Republic of the Congo
80%
EuropeRomania
80%
AsiaYemen
80%
North AmericaHonduras
79%
EuropeHungary
79%
AsiaIran
79%
AsiaOman
79%
AsiaTajikistan
79%
AsiaUnited Arab Emirates
79%
EuropeAlbania
78%
AsiaKazakhstan
78%
AfricaKenya
78%
North AmericaSaint Kitts and Nevis
78%
South AmericaVenezuela
78%
AsiaAzerbaijan
77%
AfricaGuinea
77%
AsiaJordan
77%
EuropeMonaco
77%
OceaniaPapua New Guinea
77%
AfricaRepublic of the Congo
77%
EuropeSan Marino
77%
AsiaThailand
77%
EuropeVatican City
77%
AsiaVietnam
77%
AsiaMongolia
76%
North AmericaSaint Vincent and the Grenadines
76%
EuropeSlovenia
76%
OceaniaSolomon Islands
76%
AfricaSudan
76%
AfricaTanzania
76%
AsiaBangladesh
75%
AsiaBhutan
75%
AsiaKyrgyzstan
75%
AsiaLebanon
75%
EuropeMontenegro
75%
AfricaSouth Sudan
75%
AfricaCentral African Republic
74%
AfricaGhana
74%
EuropeLiechtenstein
74%
South AmericaSuriname
74%
AfricaTunisia
74%
AfricaBenin
73%
AsiaBrunei
73%
AfricaGuinea-Bissau
73%
South AmericaGuyana
73%
North AmericaTrinidad and Tobago
73%
AfricaBotswana
72%
North AmericaGrenada
72%
OceaniaMarshall Islands
72%
AsiaBahrain
70%
AfricaBurkina Faso
70%
AfricaCameroon
70%
AfricaBurundi
69%
OceaniaFederated States of Micronesia
69%
OceaniaTonga
69%
AfricaEquatorial Guinea
68%
AfricaGabon
68%
AsiaPhilippines
68%
AfricaRwanda
68%
AfricaSenegal
68%
AfricaEswatini (Swaziland)
67%
AfricaMauritania
67%
AsiaSri Lanka
66%
AfricaUganda
66%
AsiaSingapore
65%
AsiaTaiwan
65%
AfricaSierra Leone
64%
AsiaMyanmar
62%
North AmericaSaint Lucia
62%
OceaniaVanuatu
60%
AfricaSão Tomé and Príncipe
58%

Score Distribution

Percentile by Number Answered

Percent of People with Each Score

Your Score History

You have not taken this quiz since the last reset